| 000 | 00525nam a2200229 a 4500 | ||
|---|---|---|---|
| 001 | nice12345678 | ||
| 003 | IN_TiNIC | ||
| 005 | 20260116011612.0 | ||
| 008 | 050524s0000 teha grp 000 0 per | ||
| 020 |
_a _c100 |
||
| 082 | 0 | 0 |
_a244 _bNUR |
| 245 | _aKhuda Kar-E-Ibadat | ||
| 260 |
_aTehran _bNur-I-Jahan _c0000 |
||
| 300 | _a33p | ||
| 500 | _aincludes index and biblioraphy | ||
| 505 | 2 | _aIll | |
| 650 | _aBible Stories | ||
| 710 | 2 | _aNur Jehan Publications | |
| 902 | _bSRS | ||
| 942 | _cBK | ||
| 999 |
_c2827 _d2827 |
||